El siglo que viene (Record no. 162946)

MARC details
000 -LEADER
campo de control de longitud fija 01008nam a22002173i 4500
001 - NÚMERO DE CONTROL
campo de control 162946
003 - IDENTIFICADOR DE NÚMERO DE CONTROL
campo de control ES-MaACL
005 - FECHA Y HORA DE LA ÚLTIMA TRANSACCIÓN
campo de control 20250715063127.0
008 - DATOS DE LONGITUD FIJA--INFORMACIÓN GENERAL
campo de control de longitud fija 000406s1876 sp |||| | spa d
040 ## - FUENTE DE CATALOGACIÓN
Centro catalogador/agencia de origen CAM
Lengua de catalogación spa
Centro/agencia transcriptor CAM
100 1# - ENTRADA PRINCIPAL--NOMBRE DE PERSONA
Nombre de persona Ramos Carrión, Miguel,
Fechas asociadas al nombre 1848-1915
9 (RLIN) 95293
245 13 - MENCIÓN DEL TÍTULO
Título El siglo que viene
Resto del título : zarzuela cómico-fantástica en 3 actos y en prosa /
Mención de responsabilidad, etc. letra de Ramos Carrión y Coello ; música del maestro Caballero.
260 ## - PUBLICACIÓN, DISTRIBUCIÓN, ETC.
Lugar de publicación, distribución, etc. Madrid :
Nombre del editor, distribuidor, etc. [s.n.],
Fecha de publicación, distribución, etc. 1876 (
Fabricante Imp. de José Rodríguez)
300 ## - DESCRIPCIÓN FÍSICA
Extensión 69 p. ;
Dimensiones 19 cm.
500 #1 - NOTA GENERAL
Nota general En port.: Representada por primera vez en el Teatro del Principe Alfonso el lunes 3 de julio de 1876.
500 ## - NOTA GENERAL
Nota general Solo la letra.
700 11 - ENTRADA AGREGADA--NOMBRE PERSONAL
Nombre de persona Coello, Carlos.
9 (RLIN) 39456
700 0# - ENTRADA AGREGADA--NOMBRE PERSONAL
Nombre de persona Fernández Caballero, Manuel.
9 (RLIN) 49531
852 ## - LOCALIZACIÓN
Ubicación ES-MaACL
Número de control de estantería F-8562(7)
Nota libre -- Enc. pasta española
condición física -- Falto de la cub. original
Nota libre -- Enc. en un vol. facticio formando parte de la col. facticia "Teatro español moderno", vol. 14
Holdings
Estatus retirado Estado de pérdida Estado de daño No para préstamo Colección Biblioteca de origen Biblioteca actual Ubicación en estantería Fecha de adquisición Total de préstamos Signatura topográfica completa Código de barras Visto por última vez Precio de reemplazo Tipo de ítem Koha
        Libros del s. XIX Biblioteca del Ateneo de Madrid Biblioteca del Ateneo de Madrid Sala Pecera Planta 2 17/01/2008   F-8562(7) 1170726 23/02/2023 23/02/2023 Libro impreso antiguo